[Event "Flint (Class DEU/1)"]
[Site "?"]
[Date "1990.??.??"]
[Round "?"]
[White "Patterson, S."]
[Black "Pope, Nick"]
[Result "0-1"]
[WhiteElo "1605"]
[BlackElo "1605"]
[PlyCount "104"]
[EventDate "1990.??.??"]

1. d4 d5 2. c4 c6 3. Nc3 Nf6 4. e3 Bf5 5. Bd3 Bxd3 6. Qxd3 e6 7. Nf3 Be7 8. O-O
Qc7 9. Ne5 Bd6 10. g3 Nbd7 11. Nf3 O-O-O 12. c5 Bf8 13. Ng5 Nb8 14. Re1 h6 15.
Nf3 g5 16. Ne5 Qe7 17. b3 Nbd7 18. Ba3 Nxe5 19. dxe5 Nd7 20. Qd4 Bg7 21. f4 f6
22. Qa4 Kb8 23. Qa5 fxe5 24. b4 exf4 25. Rac1 Bxc3 26. Rxc3 Ne5 27. exf4 Nc4
28. Qa4 gxf4 29. gxf4 Rhg8+ 30. Kf1 Nd2+ 31. Ke2 Rg2+ 32. Kd1 Qh4 33. Rce3 Ne4
34. Qc2 Rxc2 35. Kxc2 Qxh2+ 36. R3e2 Qxf4 37. Bc1 Qf5 38. Bxh6 Ng3+ 39. Kd1
Nxe2 40. Rxe2 Qh5 41. Bf4+ Kc8 42. Kd2 Re8 43. Re5 Qf7 44. Ke3 Rh8 45. Kf3 Rh4
46. Ke2 Rxf4 47. Rh5 Qxh5+ 48. Ke3 Qf3+ 49. Kd2 Rd4+ 50. Kc2 Qd1+ 51. Kb2 Rxb4+
52. Ka3 Qa4# 0-1

[Event "Flint (Class DEU/3)"]
[Site "?"]
[Date "1990.??.??"]
[Round "?"]
[White "Patterson, S."]
[Black "Peppel, S."]
[Result "0-1"]
[WhiteElo "1605"]
[BlackElo "1605"]
[PlyCount "86"]
[EventDate "1990.??.??"]

1. d4 d5 2. c4 c6 3. Nc3 Nf6 4. Bg5 dxc4 5. e3 b5 6. Be2 g6 7. Nf3 Bg7 8. O-O
O-O 9. Rc1 Nd5 10. Re1 f6 11. Bh4 Bg4 12. h3 Bxf3 13. Bxf3 a5 14. Nxd5 cxd5 15.
e4 e6 16. e5 Nd7 17. Qd2 g5 18. Bg3 f5 19. b3 Nb6 20. Rc2 f4 21. Bh2 Qe8 22.
Qe2 Rc8 23. Bh5 Qe7 24. Rec1 Bh6 25. Rc3 Rf5 26. a4 bxa4 27. bxc4 Nxc4 28. Rxc4
dxc4 29. Rxc4 Qd7 30. Bg4 Rff8 31. d5 Qxd5 32. Rxa4 Rc1+ 33. Qf1 Rxf1+ 34. Kxf1
Rc8 35. Ra1 Qd3+ 36. Kg1 Bf8 37. Bxe6+ Kg7 38. Bxc8 Bb4 39. e6 Qc3 40. e7 Bxe7
41. Rxa5 Qxa5 42. g3 f3 43. h4 Qe1# 0-1

[Event "Lansing (MI Am/1/50)"]
[Site "?"]
[Date "1990.??.??"]
[Round "?"]
[White "Patterson, S."]
[Black "Moceri, Paul"]
[Result "0-1"]
[WhiteElo "1605"]
[BlackElo "1610"]
[PlyCount "74"]
[EventDate "1990.??.??"]

{1/(50)} 1. d4 e6 2. c4 Bb4+ 3. Bd2 Bxd2+ 4. Nxd2 d5 5. e3 Nf6 6. Ngf3 O-O 7.
Ne5 Nc6 8. a3 Nxe5 9. dxe5 Ne4 10. Nxe4 dxe4 11. Qc2 f5 12. exf6 Qxf6 13. Rb1
Bd7 14. Qxe4 Qxf2+ 15. Kd1 Rad8 16. Bd3 Qf5 17. Rf1 Qxf1+ 18. Bxf1 Bc6+ 19. Qd3
Rxf1+ 20. Kc2 Rxd3 21. Rxf1 Be4 22. Kc1 Rxe3 23. Kd2 Rd3+ 24. Ke2 Rb3 25. Rf4
Rxb2+ 26. Ke3 Bxg2 27. h4 e5 28. Rg4 Rb3+ 29. Kf2 Bf3 30. Rg3 e4 31. Ke1 Kf7
32. a4 g6 33. Rh3 Kf6 34. Kf2 Kf5 35. Rg3 Kf4 36. Rh3 e3+ 37. Kf1 Rb1# 0-1

[Event "Detroit (MI Op/6/12)"]
[Site "?"]
[Date "1990.??.??"]
[Round "?"]
[White "Palmer, Tony"]
[Black "Wilson, Vester"]
[Result "1-0"]
[WhiteElo "1990"]
[BlackElo "2140"]
[PlyCount "109"]
[EventDate "1990.??.??"]

{6/(12)} 1. e4 e5 2. Nf3 Nc6 3. Bb5 a6 4. Ba4 Nf6 5. Qe2 Bc5 6. c3 O-O 7. O-O
b5 8. Bb3 d6 9. d3 Bg4 10. h3 Bh5 11. Bg5 h6 12. Bxf6 Qxf6 13. Bd5 Bxf3 14.
Qxf3 Qxf3 15. gxf3 Ne7 16. Bxa8 Rxa8 17. b4 Bb6 18. a4 Rf8 19. axb5 axb5 20.
Na3 c6 21. Nc2 f5 22. Ra6 Nc8 23. Kg2 d5 24. exd5 cxd5 25. Ne3 d4 26. Nd5 Bd8
27. cxd4 exd4 28. Re1 Kf7 29. Rc1 Ne7 30. Ra7 Re8 31. Nxe7 Bxe7 32. Rb7 Kf8 33.
Rxb5 Ra8 34. Rxf5+ Kg8 35. Ra5 Rb8 36. Rb1 Rxb4 37. Rxb4 Bxb4 38. Rd5 Bc3 39.
f4 Kf7 40. Kf3 Ke6 41. Ke4 g6 42. Rxd4 Bxd4 43. Kxd4 Kf5 44. Ke3 g5 45. fxg5
Kxg5 46. d4 h5 47. Kf3 Kh4 48. d5 Kg5 49. Ke4 Kh4 50. d6 Kxh3 51. Kf3 Kh2 52.
d7 h4 53. d8=Q h3 54. Qg8 Kh1 55. Qg3 1-0

[Event "Detroit (MI Op/2/5)"]
[Site "?"]
[Date "1990.??.??"]
[Round "?"]
[White "Palmer, Tony"]
[Black "Noren, Kevin"]
[Result "1-0"]
[WhiteElo "1990"]
[BlackElo "2305"]
[PlyCount "51"]
[EventDate "1990.??.??"]

{2/(5)} 1. e4 e6 2. d4 d5 3. Nd2 Nf6 4. e5 Nfd7 5. Bd3 c5 6. c3 Nc6 7. Ne2 cxd4
8. cxd4 Qb6 9. Nf3 f6 10. Nf4 fxe5 11. dxe5 Bb4+ 12. Kf1 Ndxe5 13. Nxe5 Nxe5
14. Qh5+ Nf7 15. h4 g6 16. Qe2 O-O 17. h5 g5 18. Bxh7+ Kxh7 19. Qd3+ Kg8 20.
Qg6+ Kh8 21. Qf6+ Kh7 22. Qg6+ Kh8 23. Qf6+ Kh7 24. h6 Rg8 25. Qxf7+ Kh8 26. h7
1-0

[Event "Detroit (MI Op/4/10)"]
[Site "?"]
[Date "1990.??.??"]
[Round "?"]
[White "Palmer, Tony"]
[Black "Hahn, David"]
[Result "0-1"]
[WhiteElo "1990"]
[BlackElo "2265"]
[PlyCount "88"]
[EventDate "1990.??.??"]

{4/(10)} 1. e4 g6 2. d4 Bg7 3. Nc3 d6 4. f4 Nf6 5. Nf3 c5 6. dxc5 Qa5 7. Bd2
Qxc5 8. Bd3 O-O 9. Qe2 Nc6 10. Nd1 Bg4 11. Qf2 Qh5 12. O-O Nd7 13. h3 Bxf3 14.
Qxf3 Qxf3 15. Rxf3 Nc5 16. c3 Nxd3 17. Rxd3 f5 18. exf5 Rxf5 19. g3 Rb5 20. a4
Rb3 21. Rd5 a6 22. Bc1 Rd8 23. Nf2 e6 24. Rd3 d5 25. Kg2 Rc8 26. Re3 Kf7 27.
Nd3 Na5 28. Re2 d4 29. Ne5+ Bxe5 30. fxe5 dxc3 31. Rf2+ Kg8 32. bxc3 Rcxc3 33.
Bh6 Rxg3+ 34. Kf1 Rgf3 35. Rd1 Nc6 36. Rd7 Rxf2+ 37. Kxf2 Rxh3 38. Bg7 Rh5 39.
Rxb7 Nxe5 40. Ra7 Nc6 41. Rxa6 Kxg7 42. Rxc6 Ra5 43. Rxe6 Rxa4 44. Re7+ Kh6 0-1

[Event "Detroit (MI Op/1a/5)"]
[Site "?"]
[Date "1990.??.??"]
[Round "?"]
[White "Owens, James"]
[Black "Thompson, Dexter"]
[Result "0-1"]
[WhiteElo "1955"]
[BlackElo "2315"]
[PlyCount "74"]
[EventDate "1990.??.??"]

1. e4 e5 2. Nf3 Nc6 3. d4 exd4 4. Nxd4 Qh4 5. Nb5 Qxe4+ 6. Be3 Bb4+ 7. N1c3
Bxc3+ 8. bxc3 Kd8 9. Qd2 a6 10. Nd4 Nxd4 11. cxd4 d5 12. f3 Qe7 13. Bd3 Nh6 14.
O-O Nf5 15. Rfe1 Nxe3 16. Rxe3 Be6 17. Rae1 g6 18. c4 c6 19. c5 Qc7 20. Qb2 Rb8
21. Rb1 Kd7 22. Bc2 Rhe8 23. Rb3 Kc8 24. g4 Bd7 25. Qc1 Re2 26. f4 Bxg4 27. Re3
Rxe3 28. Qxe3 Qd7 29. Re1 b5 30. Qe8+ Kc7 31. Qe5+ Kb7 32. Qg5 Be6 33. f5 gxf5
34. Bxf5 Re8 35. Bxh7 f6 36. Qxf6 Qxh7 37. Rxe6 Qg8+ 0-1

[Event "Lansing (Feb)"]
[Site "?"]
[Date "1990.??.??"]
[Round "?"]
[White "Owens, James"]
[Black "Skidmore, Mike"]
[Result "1-0"]
[WhiteElo "1950"]
[BlackElo "1900"]
[PlyCount "39"]
[EventDate "1990.??.??"]

1. e4 c5 2. f4 e6 3. Nf3 Be7 4. d4 cxd4 5. Nxd4 Nf6 6. Nc3 d6 7. Bc4 a6 8. Bb3
Nbd7 9. Bxe6 fxe6 10. Nxe6 Qb6 11. Nxg7+ Kf7 12. Nf5 Nc5 13. Nxe7 Kxe7 14. e5
dxe5 15. fxe5 Qe6 16. O-O Qxe5 17. Bf4 Qh5 18. Qd6+ Kf7 19. Be5 Ncd7 20. Rxf6+
1-0

[Event "Detroit (MI Op/7/9)"]
[Site "?"]
[Date "1990.??.??"]
[Round "?"]
[White "Owens, James"]
[Black "Repkin, Victor"]
[Result "1-0"]
[WhiteElo "1955"]
[BlackElo "2125"]
[PlyCount "61"]
[EventDate "1990.??.??"]

{7/(9)} 1. e4 e6 2. d4 d5 3. Nd2 dxe4 4. Nxe4 Bd7 5. Nf3 Bc6 6. Bd3 Nd7 7. O-O
Ngf6 8. Nxf6+ Nxf6 9. Bf4 Be7 10. c3 O-O 11. Re1 b6 12. Ba6 Be4 13. Ne5 Rb8 14.
Rxe4 Nxe4 15. Nc6 Qd7 16. Nxb8 Rxb8 17. Qe2 Nf6 18. Bb5 Qd8 19. Bd3 Bd6 20. Bg5
Be7 21. Rd1 h6 22. Bc1 Bd6 23. f4 Qe7 24. Re1 Re8 25. Bb5 Rc8 26. f5 c6 27. Bc4
Qc7 28. fxe6 Bxh2+ 29. Kh1 Nd5 30. exf7+ Kf8 31. Qe8+ 1-0

[Event "Lansing (Mini-Swiss.1/3)"]
[Site "?"]
[Date "1990.??.??"]
[Round "?"]
[White "Owens, James"]
[Black "Mellen, Steve"]
[Result "0-1"]
[WhiteElo "1955"]
[BlackElo "1900"]
[PlyCount "64"]
[EventDate "1990.??.??"]

{1/(3)} 1. e4 Nf6 2. e5 Nd5 3. d4 d6 4. Nf3 Bg4 5. Bc4 e6 6. Qe2 dxe5 7. dxe5
Nb6 8. Bd3 N8d7 9. Nbd2 Nc5 10. Be4 c6 11. O-O Nxe4 12. Nxe4 Be7 13. Rd1 Qc7
14. Nd6+ Bxd6 15. exd6 Qd7 16. c4 O-O-O 17. Be3 Bxf3 18. gxf3 Rhe8 19. a4 Kb8
20. a5 Nc8 21. c5 e5 22. Rd3 Re6 23. Rb3 Rg6+ 24. Kh1 Qh3 25. Rg1 Nxd6 26. cxd6
Rdxd6 27. Rg3 Qf5 28. Qa6 Qxf3+ 29. Kg1 Rd1+ 30. Qf1 Rxg3+ 31. hxg3 Rxf1+ 32.
Kxf1 Qd1+ 0-1

[Event "Detroit (MCO/3/3)"]
[Site "?"]
[Date "1990.??.??"]
[Round "?"]
[White "Owens, James"]
[Black "Mazuchowski, Tom"]
[Result "1/2-1/2"]
[WhiteElo "2025"]
[BlackElo "2210"]
[PlyCount "155"]
[EventDate "1990.??.??"]

{3/(3)} 1. e4 c5 2. Nc3 d6 3. f4 g6 4. Nf3 Bg7 5. Bc4 e6 6. d3 Ne7 7. O-O Nbc6
8. a3 O-O 9. g4 Na5 10. Ba2 c4 11. d4 d5 12. e5 a6 13. Ne2 Nac6 14. Ng3 f6 15.
exf6 Bxf6 16. c3 Bd7 17. Bb1 Qe8 18. h4 h5 19. gxh5 gxh5 20. Ng5 Bxg5 21. hxg5
h4 22. Nh5 Nf5 23. Bxf5 exf5 24. Nf6+ Rxf6 25. gxf6 Qg6+ 26. Kh1 Kf8 27. Rg1
Qxf6 28. Bd2 Be8 29. Qf3 Ne7 30. Rg5 Ng8 31. Be1 Bg6 32. Qg2 Ne7 33. Bxh4 Kf7
34. Bf2 Rh8+ 35. Kg1 Rh6 36. Bg3 Qd6 37. Kf2 Ng8 38. Rh1 Rxh1 39. Qxh1 Nf6 40.
Ke2 Qe6+ 41. Kd1 Ne4 42. Qf3 Nxg5 43. fxg5 Qe4 44. Qxe4 fxe4 45. Ke2 Ke6 46.
Be1 Kf5 47. Bd2 Bh5+ 48. Kf2 Ke6 49. Be3 Be8 50. Bd2 Kd7 51. Ke1 Kc6 52. Be3
Kd6 53. Bd2 Ke6 54. Kf2 b5 55. Be3 Bh5 56. Kg3 Kf5 57. Kf2 Ke6 58. Kg3 Kd6 59.
Kf2 Kc6 60. Ke1 Kb6 61. Kd2 Ka5 62. Kc2 Bg6 63. Kc1 Ka4 64. Bd2 Kb3 65. Be3 a5
66. Bd2 Bf5 67. Be3 Bh7 68. Bd2 Bg6 69. Be3 b4 70. axb4 axb4 71. cxb4 Kxb4 72.
Bf4 c3 73. bxc3+ Kxc3 74. Be5 Bh5 75. g6 Bxg6 76. Kd1 Kd3 77. Ke1 Ke3 78. Bg7
1/2-1/2

[Event "Detroit (MI Op/3/30)"]
[Site "?"]
[Date "1990.??.??"]
[Round "?"]
[White "Owens, James"]
[Black "Lubben, Don"]
[Result "1-0"]
[WhiteElo "1955"]
[BlackElo "1815"]
[PlyCount "83"]
[EventDate "1990.??.??"]

{3/(30)} 1. e4 e6 2. d4 d5 3. Nd2 Nf6 4. e5 Nfd7 5. Bd3 c5 6. c3 Nc6 7. Ne2
cxd4 8. cxd4 Nb4 9. Bb1 Nb6 10. O-O Bd7 11. a3 Nc6 12. b3 Rc8 13. f4 f5 14.
exf6 Qxf6 15. Nf3 Bd6 16. Ne5 Rf8 17. Bxh7 Nxe5 18. fxe5 Qxf1+ 19. Qxf1 Rxf1+
20. Kxf1 Bc7 21. Bg6+ Kf8 22. Bd3 g5 23. h3 Kg7 24. Bd2 Rf8+ 25. Kg1 Bc6 26.
Kh2 Nd7 27. Kg3 Rg8 28. Ng1 Nf8 29. Nf3 Nh7 30. a4 Kh6 31. h4 Kg7 32. hxg5 Nf8
33. b4 Rh8 34. Rc1 Bd8 35. b5 Bd7 36. Nh2 Rh5 37. Be2 Rh8 38. Ng4 Nh7 39. Nf6
Be8 40. Rc8 Bg6 41. Rb8 Bb6 42. Rxb7+ 1-0

[Event "Detroit (MI Op/4/13)"]
[Site "?"]
[Date "1990.??.??"]
[Round "?"]
[White "Owens, James"]
[Black "Laren, Philip"]
[Result "0-1"]
[WhiteElo "1955"]
[BlackElo "2175"]
[PlyCount "94"]
[EventDate "1990.??.??"]

{4/(13)} 1. e4 d5 2. exd5 Qxd5 3. Nc3 Qa5 4. d4 Nf6 5. Nf3 Bf5 6. Bd3 e6 7. O-O
Nbd7 8. Re1 c6 9. Ne5 Bxd3 10. Nxd3 Bd6 11. Bf4 Bxf4 12. Nxf4 O-O-O 13. Nd3 Qb6
14. Ne2 e5 15. dxe5 Nxe5 16. Nef4 Rhe8 17. Qc1 Neg4 18. h3 Nh6 19. b4 Nf5 20.
Qb2 Ne4 21. a4 g5 22. a5 Qd4 23. Ne2 Qxb2 24. Nxb2 Rd2 25. Rac1 Nxf2 26. Kxf2
Nd4 27. Nc4 Rexe2+ 28. Rxe2 Rxe2+ 29. Kf1 Rxc2 30. Nd6+ Kd7 31. Rxc2 Nxc2 32.
Nxf7 g4 33. Ne5+ Ke6 34. Nd3 gxh3 35. gxh3 Kd5 36. Ke2 Kc4 37. Nc5 b6 38. axb6
axb6 39. Nd7 Kb5 40. Nf6 h6 41. Kd2 Nxb4 42. Ng8 h5 43. Nf6 h4 44. Ne4 Nd5 45.
Nd6+ Kb4 46. Nf5 Nf4 47. Nxh4 Nxh3 0-1

[Event "Detroit (RVO/1)"]
[Site "?"]
[Date "1990.??.??"]
[Round "?"]
[White "Owens, James"]
[Black "Harrell, K."]
[Result "1-0"]
[WhiteElo "2085"]
[BlackElo "1605"]
[PlyCount "67"]
[EventDate "1990.??.??"]

1. e4 Nf6 2. e5 Nd5 3. d4 d6 4. Nf3 Bf5 5. Bc4 e6 6. O-O Be7 7. Re1 Nc6 8. c3
O-O 9. Nbd2 Nb6 10. Bb3 Nd7 11. Qe2 dxe5 12. dxe5 Nc5 13. Nf1 Nxb3 14. axb3 Qd5
15. Bf4 Qxb3 16. Ne3 Bg6 17. h4 h5 18. Bg5 Bc5 19. Nc4 Qc2 20. Rad1 Qxe2 21.
Rxe2 f6 22. exf6 gxf6 23. Bh6 Rfd8 24. Rxd8+ Rxd8 25. Nfd2 Kh7 26. Bf4 e5 27.
Be3 Bxe3 28. Nxe3 f5 29. Nf3 Kg7 30. Ng5 Rd7 31. Ne6+ Kf7 32. Nc5 Rd8 33. Nxb7
Rb8 34. Nc5 1-0

[Event "Detroit (RVO/3)"]
[Site "?"]
[Date "1990.??.??"]
[Round "?"]
[White "Owens, James"]
[Black "Finegold, Ron"]
[Result "0-1"]
[WhiteElo "2085"]
[BlackElo "2150"]
[PlyCount "57"]
[EventDate "1990.??.??"]

1. e4 e5 2. Nf3 Nc6 3. Bc4 Bc5 4. c3 Nf6 5. b4 Bb6 6. d3 d6 7. a4 a5 8. Qb3 Qe7
9. Be3 Bxe3 10. fxe3 axb4 11. cxb4 O-O 12. Nc3 Be6 13. O-O Nd8 14. d4 Bxc4 15.
Qxc4 c6 16. d5 cxd5 17. exd5 Ne8 18. e4 g6 19. a5 f5 20. a6 bxa6 21. Rxa6 Rxa6
22. Qxa6 Qc7 23. Qa3 Qc4 24. exf5 gxf5 25. Rd1 Nf6 26. Nd2 Qd4+ 27. Kh1 Ng4 28.
Nde4 fxe4 29. Nxe4 0-1

[Event "Detroit (MCO/5/11)"]
[Site "?"]
[Date "1990.??.??"]
[Round "?"]
[White "Owens, James"]
[Black "Burwell, Raymond"]
[Result "1-0"]
[WhiteElo "2025"]
[BlackElo "1740"]
[PlyCount "81"]
[EventDate "1990.??.??"]

{5/(11)} 1. c4 Nf6 2. Nf3 c5 3. d4 cxd4 4. Nxd4 e6 5. Nc3 a6 6. g3 Be7 7. Bg2
Nc6 8. O-O O-O 9. e4 Nxd4 10. Qxd4 d6 11. b3 Qc7 12. Ba3 Rd8 13. Rad1 Ne8 14.
Rd2 Bd7 15. Rfd1 Bc6 16. Qe3 h6 17. Ne2 Bg5 18. f4 Bf6 19. g4 e5 20. Qg3 exf4
21. Nxf4 Be5 22. Qf3 Nf6 23. Nd5 Nxd5 24. exd5 Bd7 25. Rf1 f6 26. h3 b5 27. c5
dxc5 28. d6 Qc8 29. Qxa8 Bd4+ 30. Rxd4 Qxa8 31. Bxa8 cxd4 32. Bd5+ Kh7 33. Rd1
f5 34. Rxd4 fxg4 35. hxg4 Re8 36. Re4 Rc8 37. Be6 Bxe6 38. Rxe6 Rd8 39. Re7 Kg6
40. Bb2 Rxd6 41. Rxg7# 1-0

[Event "Detroit (MCO/1/14)"]
[Site "?"]
[Date "1990.??.??"]
[Round "?"]
[White "Owens, James"]
[Black "Brewer, R."]
[Result "1-0"]
[WhiteElo "2025"]
[BlackElo "1605"]
[PlyCount "43"]
[EventDate "1990.??.??"]

{1/(14)} 1. c4 c5 2. Nf3 Nf6 3. d4 cxd4 4. Nxd4 b6 5. Nc3 Bb7 6. Bf4 e6 7. Ndb5
Na6 8. Nd6+ Bxd6 9. Bxd6 Ne4 10. Nxe4 Bxe4 11. Qd4 f6 12. Qxe4 Kf7 13. b4 f5
14. Qe5 Rc8 15. e4 Re8 16. Bd3 Qg5 17. O-O Qd2 18. Rfd1 Qg5 19. exf5 exf5 20.
Qd5+ Kg6 21. f4 Qg4 22. h3 1-0

[Event "Lansing (Mini-Swiss.1/1)"]
[Site "?"]
[Date "1990.??.??"]
[Round "?"]
[White "Owens, James"]
[Black "Baze, Lineas"]
[Result "1/2-1/2"]
[WhiteElo "1955"]
[BlackElo "2070"]
[PlyCount "81"]
[EventDate "1990.??.??"]

{1/(1)} 1. e4 c5 2. Nf3 Nc6 3. d4 cxd4 4. Nxd4 Nf6 5. Nc3 e5 6. Ndb5 d6 7. Bg5
a6 8. Bxf6 gxf6 9. Na3 f5 10. Nd5 fxe4 11. Nc4 b5 12. Nce3 Be6 13. c3 Bg7 14.
a4 Rb8 15. axb5 axb5 16. Ra6 Qc8 17. Rb6 Rxb6 18. Nxb6 Qb7 19. Ned5 Na7 20. Be2
O-O 21. O-O Nc8 22. Nxc8 Rxc8 23. Nb4 d5 24. Qd2 d4 25. Re1 Qb6 26. Bf1 dxc3
27. bxc3 Rd8 28. Qe2 f5 29. Qxb5 Qxb5 30. Bxb5 Bh6 31. Nc6 Rd6 32. c4 Bg7 33.
h3 Kf7 34. Ra1 Kf6 35. Rc1 Bh6 36. Rc2 e3 37. Kf1 Rd2 38. Nb4 Rd1+ 39. Ke2 Rd2+
40. Rxd2 exd2 41. Nd5+ 1/2-1/2

[Event "Lansing (MI Am/2/41)"]
[Site "?"]
[Date "1990.??.??"]
[Round "?"]
[White "Overby, Glenn"]
[Black "Cusenza, J."]
[Result "0-1"]
[WhiteElo "1605"]
[BlackElo "1605"]
[PlyCount "126"]
[EventDate "1990.??.??"]

{2/(41)} 1. f4 d5 2. Nf3 f6 3. e3 g6 4. b3 a6 5. Bb2 Nc6 6. d4 Nh6 7. Bd3 Bf5
8. Bxf5 Nxf5 9. Qe2 Nb4 10. c3 Nc6 11. e4 dxe4 12. Qxe4 Bh6 13. d5 Nd6 14. Qd3
Na7 15. g3 Qd7 16. Qe2 O-O-O 17. Nbd2 Rhe8 18. O-O-O e5 19. dxe6 Rxe6 20. Qf2
Kb8 21. Nc4 Qe8 22. Nd4 Re7 23. Ba3 Red7 24. Rhe1 Qf7 25. Nxd6 cxd6 26. Nf3 g5
27. fxg5 fxg5 28. Qe2 g4+ 29. Nd2 Nb5 30. Kb2 Qg6 31. Nc4 Bg7 32. Bb4 d5 33.
Ne5 Bxe5 34. Qxe5+ Ka8 35. Bc5 Qc6 36. Bd4 a5 37. Rd3 Nd6 38. Qf6 Qb5 39. Kc2
a4 40. Bg1 Qa5 41. Re5 axb3+ 42. axb3 Qa2+ 43. Kd1 Qb1+ 44. Kd2 Qxg1 45. Rexd5
Qxh2+ 46. Kd1 Qg1+ 47. Kc2 Qb6 48. c4 Qc7 49. Qa1+ Kb8 50. Ra5 Qc6 51. c5 Nb5
52. Ra8+ Kc7 53. Rxd7+ Rxd7 54. Qe5+ Nd6 55. Kb2 Qg2+ 56. Ka3 Qc6 57. cxd6+
Qxd6+ 58. Qxd6+ Rxd6 59. Ra4 Ra6 60. b4 h5 61. b5 Rxa4+ 62. Kxa4 b6 63. Kb4 h4
0-1

[Event "Lansing (MI Am/4/47)"]
[Site "?"]
[Date "1990.??.??"]
[Round "?"]
[White "Overby, Glenn"]
[Black "Charnesky, B."]
[Result "0-1"]
[WhiteElo "1605"]
[BlackElo "1605"]
[PlyCount "58"]
[EventDate "1990.??.??"]

{4/(47)} 1. f4 e5 2. e4 d5 3. exd5 exf4 4. d3 Qh4+ 5. g3 fxg3 6. Ke2 Bg4+ 7.
Nf3 Bxf3+ 8. Kxf3 gxh2 9. Bf4 Bd6 10. Qd2 Nf6 11. Qe3+ Be7 12. Ke2 Nxd5 13. Bg3
Nxe3 14. Bxh4 Nxc2 15. Bxe7 Kxe7 16. Na3 Nxa1 17. Rxh2 Re8 18. Kd1 Kf8 19. Rxh7
Kg8 20. Rh4 Nc6 21. Nb5 Rac8 22. d4 Nb4 23. Nxa7 Ra8 24. Nb5 Rxa2 25. Nxc7 g5
26. Rg4 Re7 27. Rxg5+ Kf8 28. Nb5 Nb3 29. Bc4 Ra1# 0-1

[Event "Lansing (MI Inv/1)"]
[Site "?"]
[Date "1990.??.??"]
[Round "?"]
[White "Noren, Kevin"]
[Black "Tsemekhman, Vadim"]
[Result "1/2-1/2"]
[WhiteElo "2265"]
[BlackElo "2325"]
[PlyCount "62"]
[EventDate "1990.??.??"]

1. c4 c5 2. Nf3 Nc6 3. d4 cxd4 4. Nxd4 g6 5. e4 Bg7 6. Be3 Nf6 7. Nc3 Ng4 8.
Qxg4 Nxd4 9. Qd1 Ne6 10. Rc1 O-O 11. b4 f5 12. exf5 gxf5 13. f4 d6 14. Be2 Bd7
15. O-O Bc6 16. Nd5 Kh8 17. Rf3 a5 18. a3 axb4 19. axb4 Ra2 20. Rh3 Ba4 21. Qd3
Bd7 22. Bb6 Nxf4 23. Nxf4 Qxb6+ 24. c5 dxc5 25. bxc5 Qb2 26. Ng6+ Kg8 27. Nxe7+
Kf7 28. Bh5+ Kxe7 29. Qd6+ Kd8 30. Qb8+ Bc8 31. Qd6+ Bd7 1/2-1/2

[Event "Lansing (Mini-Swiss.1/2)"]
[Site "?"]
[Date "1990.??.??"]
[Round "?"]
[White "Noren, Kevin"]
[Black "Thompson, Dexter"]
[Result "1-0"]
[WhiteElo "2295"]
[BlackElo "2345"]
[PlyCount "61"]
[EventDate "1990.??.??"]

{1/(2)} 1. Nf3 Nf6 2. c4 e6 3. d4 c5 4. e3 Be7 5. Nc3 cxd4 6. exd4 d5 7. cxd5
Nxd5 8. Bd3 Nc6 9. O-O O-O 10. Re1 Nf6 11. a3 Kh8 12. Bc2 b6 13. Qd3 a5 14. Bg5
Ba6 15. Qd2 Rc8 16. Rad1 Nd5 17. Bxe7 Ncxe7 18. Re5 Ng6 19. Bxg6 Nxc3 20. bxc3
hxg6 21. Ng5 Qf6 22. Qe3 Rfd8 23. Re1 Bc4 24. Qh3+ Kg8 25. R1e4 Be2 26. Rxe2
Qf4 27. Qh7+ Kf8 28. Rxe6 fxe6 29. Qh8+ Ke7 30. Rxe6+ Kd7 31. Qxg7+ 1-0

[Event "Lansing (Jan)"]
[Site "?"]
[Date "1990.??.??"]
[Round "?"]
[White "Noren, Kevin"]
[Black "Thompson, Dexter"]
[Result "0-1"]
[WhiteElo "2285"]
[BlackElo "2345"]
[PlyCount "176"]
[EventDate "1990.??.??"]

1. Nf3 d5 2. g3 Nf6 3. Bg2 c5 4. O-O Nc6 5. d3 e6 6. Nbd2 Be7 7. e4 O-O 8. e5
Nd7 9. Re1 Qc7 10. Qe2 f6 11. exf6 Nxf6 12. c3 Bd6 13. d4 cxd4 14. Nxd4 e5 15.
Nb5 Qe7 16. Nb3 Be6 17. Be3 Rf7 18. Rad1 Rd8 19. Nxd6 Qxd6 20. Nc5 Bc8 21. Ne4
Nxe4 22. Bxe4 Qe6 23. Bg2 e4 24. Bd4 Nxd4 25. Rxd4 Rdf8 26. Rf1 Bd7 27. c4 dxc4
28. Rxe4 Qa6 29. Re7 Bc6 30. Bh3 Rxe7 31. Qxe7 Re8 32. Be6+ Kh8 33. Qf7 b5 34.
a3 Qb7 35. Qxb7 Bxb7 36. Bd7 Re5 37. Rd1 h6 38. Bg4 h5 39. f4 Rc5 40. Rd8+ Kh7
41. Bd1 Be4 42. Re8 Bg6 43. Ra8 c3 44. bxc3 Rxc3 45. Be2 Rxa3 46. Bxb5 Ra1+ 47.
Kf2 Ra2+ 48. Ke3 a5 49. h3 Ra3+ 50. Kf2 Be4 51. Re8 Bf5 52. Re5 g6 53. Re7+ Kh8
54. h4 Rb3 55. Bc6 Rb4 56. Ra7 Rc4 57. Bb5 Rc2+ 58. Ke3 Rc3+ 59. Kd4 Rxg3 60.
Ke5 Rg4 61. Kf6 Rxf4 62. Kg5 Rg4+ 63. Kh6 Kg8 64. Be8 Kf8 65. Bf7 a4 66. Bd5
Rxh4 67. Kg5 Rd4 68. Kf6 Ke8 69. Ke5 Rb4 70. Ra8+ Kd7 71. Ra7+ Kc8 72. Ra8+ Kd7
73. Ra7+ Ke8 74. Ra8+ Ke7 75. Ra7+ Kf8 76. Rf7+ Ke8 77. Ra7 Bd7 78. Kd6 Rb6+
79. Kc5 Rf6 80. Ra8+ Ke7 81. Rh8 Be8 82. Rh7+ Bf7 83. Bc6 a3 84. Rh8 a2 85. Ra8
Rxc6+ 86. Kxc6 h4 87. Kc5 h3 88. Kd4 h2 0-1

[Event "Detroit (MI Op/1b/1)"]
[Site "?"]
[Date "1990.??.??"]
[Round "?"]
[White "Noren, Kevin"]
[Black "Smith, Daryn"]
[Result "1-0"]
[WhiteElo "2305"]
[BlackElo "1890"]
[PlyCount "59"]
[EventDate "1990.??.??"]

1. d4 d5 2. c4 Nf6 3. cxd5 Qxd5 4. Nc3 Qd8 5. Nf3 Bf5 6. Qb3 Qc8 7. Ne5 e6 8.
f3 Bd6 9. e4 Bg6 10. Nxg6 hxg6 11. e5 Be7 12. exf6 Bxf6 13. Be3 c6 14. Ne4 Be7
15. g3 Nd7 16. f4 Nb6 17. Bg2 Rh5 18. O-O Qd7 19. Nc3 O-O-O 20. a4 Kb8 21. a5
Nc8 22. Rfc1 g5 23. Na4 gxf4 24. Bxc6 fxg3 25. Bxd7 gxh2+ 26. Kh1 Rxd7 27. Nc5
Bxc5 28. Rxc5 Rh8 29. Bf4+ Ka8 30. Rac1 1-0

[Event "Lansing (Mini-Swiss.1/2)"]
[Site "?"]
[Date "1990.??.??"]
[Round "?"]
[White "Noren, Kevin"]
[Black "Repkin, Victor"]
[Result "1-0"]
[WhiteElo "2215"]
[BlackElo "2085"]
[PlyCount "69"]
[EventDate "1990.??.??"]

{1/(2)} 1. d4 d5 2. Nf3 Nf6 3. c4 e6 4. Nc3 c6 5. cxd5 exd5 6. Bg5 Be7 7. Qc2
O-O 8. e3 Bg4 9. Ne5 Nbd7 10. Nxg4 Nxg4 11. Bf4 Bg5 12. Bg3 Re8 13. Be2 Ngf6
14. O-O Ne4 15. Nxe4 dxe4 16. b4 a6 17. a4 Qb6 18. Rfc1 Be7 19. Qxe4 Bxb4 20.
Qf5 Qd8 21. Bc4 Nf6 22. Be5 Qd7 23. Qb1 Be7 24. Qb3 Bd8 25. a5 Ne4 26. Rd1 Bf6
27. Bxf6 Nxf6 28. f3 Re7 29. e4 Rd8 30. Qc3 Qc7 31. g3 h5 32. Qe3 Qd7 33. Kg2
g6 34. Qh6 Qe8 35. Qxg6+ 1-0

[Event "Detroit (MI Op/3/14)"]
[Site "?"]
[Date "1990.??.??"]
[Round "?"]
[White "Noren, Kevin"]
[Black "Profit, Brian"]
[Result "1-0"]
[WhiteElo "2305"]
[BlackElo "1840"]
[PlyCount "25"]
[EventDate "1990.??.??"]

{3/(14)} 1. d4 Nf6 2. Nf3 e6 3. c4 c5 4. e3 Nc6 5. d5 exd5 6. cxd5 Nb4 7. Nc3
d6 8. e4 g6 9. Bf4 Bg7 10. a3 Na6 11. Qa4+ Kf8 12. Bxa6 bxa6 13. Qc6 1-0

[Event "Detroit (RVO/3)"]
[Site "?"]
[Date "1990.??.??"]
[Round "?"]
[White "Noren, Kevin"]
[Black "Pence, Mark"]
[Result "1-0"]
[WhiteElo "2295"]
[BlackElo "2045"]
[PlyCount "67"]
[EventDate "1990.??.??"]

1. d4 d5 2. Nf3 Nf6 3. c4 e6 4. Nc3 Be7 5. cxd5 exd5 6. Bg5 O-O 7. e3 c6 8. Qc2
Ne4 9. Bxe7 Qxe7 10. Nxe4 dxe4 11. Nd2 f5 12. Bc4+ Be6 13. O-O Nd7 14. b4 Rf6
15. f4 exf3 16. Nxf3 Nb6 17. Bxe6+ Qxe6 18. Rae1 Re8 19. Ne5 Nd5 20. Qb3 Kh8
21. Rf3 g6 22. Ref1 Kg7 23. Qb2 Ref8 24. b5 Re8 25. bxc6 bxc6 26. Rc1 Rc8 27.
Rc5 Rc7 28. Qb8 Rf8 29. Qb3 Re8 30. Rf1 Qg8 31. Rfc1 Rb8 32. Qd1 Ne7 33. d5 Rd8
34. d6 $138 1-0

[Event "Detroit (RVO/1)"]
[Site "?"]
[Date "1990.??.??"]
[Round "?"]
[White "Noren, Kevin"]
[Black "McCarter, Robert"]
[Result "1-0"]
[WhiteElo "2295"]
[BlackElo "1725"]
[PlyCount "49"]
[EventDate "1990.??.??"]

1. d4 Nf6 2. Nf3 d5 3. c4 e6 4. Nc3 Bb4 5. e3 c5 6. Bd3 O-O 7. O-O dxc4 8. Bxc4
b6 9. a3 Bxc3 10. bxc3 Ba6 11. Bxa6 Nxa6 12. Qd3 Nc7 13. e4 Re8 14. Bg5 h6 15.
Bh4 Qd7 16. Ne5 Qb5 17. Qf3 cxd4 18. Bxf6 gxf6 19. Qxf6 Rf8 20. cxd4 Kh7 21.
Rab1 Qe2 22. Rb3 Qxe4 23. Rh3 Qxg2+ 24. Kxg2 Rg8+ 25. Kh1 1-0